书目信息 |
| 题名: |
朱元璋演义
|
|
| 作者: | 段少舫 讲述 ;徐雯珍 整理 | |
| 分册: | 上册 | |
| 出版信息: | 北京 中国曲艺出版社 1983 |
|
| 页数: | 539页 | |
| 开本: | 19cm | |
| 丛书名: | ||
| 单 册: | ||
| 中图分类: | I239.87 , I239.8 | |
| 科图分类: | ||
| 主题词: | 评话--中国--现代 , 戏剧文学--剧本--中国 | |
| 电子资源: | ||
| ISBN: | ||
| 000 | 00752nam0 2200277 45 | |
| 001 | 0183002263 | |
| 005 | 20040415101628.9 | |
| 010 | @dCNY1.40 | |
| 091 | @a10227.027 | |
| 100 | @a19950424d1983 em y0chiy0121 ea | |
| 101 | 0 | @achi |
| 102 | @aCN@b110000 | |
| 105 | @af z 000by | |
| 106 | @ar | |
| 200 | 10 | @a朱元璋演义@h上册@Azhu yuan zhang yan yi@f段少航讲述@g徐雯珍整理 |
| 210 | @a北京@c中国曲艺出版社@d1983 | |
| 215 | @a539页@c图@d19cm | |
| 606 | @a评话@y中国@z现代 | |
| 606 | 0 | @a戏剧文学@x剧本@x中国 |
| 690 | @aI239.87@v3 | |
| 690 | @aI239.8 | |
| 701 | 0 | @a段少舫@Aduan shao fang@4讲述 |
| 702 | 0 | @a徐雯珍@Axu wen zhen@4整理 |
| 801 | 0 | @aCN@b上海图书馆@c20040415 |
| 801 | 2 | @aCN@bNLC@c20040415 |
| 905 | @f1@b91020@dI239.8@e32:1 | |
| 朱元璋演义.上册/段少航讲述/徐雯珍整理.-北京:中国曲艺出版社,1983 |
| 539页:图;19cm |
| ISBN :CNY1.40 |
| ● |
| 相关链接 |
|
|
|
|
正题名:朱元璋演义
索取号:I239.8/32:1
 
预约/预借
| 序号 | 登录号 | 条形码 | 馆藏地/架位号 | 状态 | 备注 |
| 1 | 0091018 | 000961702 | 密集书库/ [索取号:I239.8/32:1] | 在馆 | |
| 2 | 0091019 | 000961631 | 第二借阅区/ [索取号:I239.8/32:1] | 在馆 | |
| 3 | 0091020 | 000784495 | 第二借阅区/ [索取号:I239.8/32:1] | 在馆 | |
| 4 | 0091021 | 001584814 | 第二借阅区/ [索取号:I239.8/32:1] | 在馆 | |
| 5 | 0091022 | 000961659 | 第一样本阅览室/ [索取号:I239.8/32:1] | 在馆 |